000 01120nam a2200241 i 4500
001 154888
003 ES-MaACL
005 20250511145046.0
008 931025m18891890sp |||| | spa d
100 1 _aGuicciardini, Francesco (
_d1483-1540)
_9147512
245 1 0 _aHistoria de Italia
_b: donde se describen todas las cosas sucedidas desde el año de 1494 hasta el de 1532 /
_cpor Francisco Guicciardini ; traducida de la italiana en lengua castellana con la vida del autor por Felipe IV.
260 _aMadrid :
_bLibrería de la Viuda de Hernando y Ca,
_c1889-1890.
300 _a6 v. ;
_c19 cm.
490 1 _aBiblioteca clásica ;
_v127 ; 130 ; 132 ; 135 ; 137 ; 139
530 _aDisponible en formato digital.
651 4 _aItalia-
_xHistoria-
_y1492-1559.
_9153909
700 0 _aFelipe
_bIV,
_cRey de España
_949181
830 0 _aBiblioteca clásica ;
_v127 ; 130 ; 132 ; 135 ; 137 ; 139
_9180370
852 _aES-MaACL
_jF-13087-92
_z-- Enc. tela
856 _uhttp://bdh-rd.bne.es/viewer.vm?id=0000141067&page=1
_zBiblioteca Digital Hispánica
999 _c154888
_d154888